Cuatro dramaturgos `realistas` en la escena de hoy (Record no. 111264)

MARC details
000 -LEADER
campo de control de longitud fija 00839nam a2200205 i 4500
001 - NÚMERO DE CONTROL
campo de control 111264
003 - IDENTIFICADOR DE NÚMERO DE CONTROL
campo de control ES-MaACL
005 - FECHA Y HORA DE LA ÚLTIMA TRANSACCIÓN
campo de control 20230906185255.0
007 - CAMPO FIJO DE DESCRIPCIÓN FÍSICA--INFORMACIÓN GENERAL
campo de control de longitud fija t|
008 - DATOS DE LONGITUD FIJA--INFORMACIÓN GENERAL
campo de control de longitud fija 061121s1978 sp r ||||1| spa d
100 1# - ENTRADA PRINCIPAL--NOMBRE DE PERSONA
Nombre de persona Oliva, César.
9 (RLIN) 86726
245 10 - MENCIÓN DEL TÍTULO
Título Cuatro dramaturgos `realistas` en la escena de hoy
Resto del título : sus contradiciones estéticas ( Carlos Muñiz, Lauro Olmo, Rodríguez Méndez y Martín Recuerda) /
Mención de responsabilidad, etc. César Oliva.
260 ## - PUBLICACIÓN, DISTRIBUCIÓN, ETC.
Lugar de publicación, distribución, etc. Murcia :
Nombre del editor, distribuidor, etc. Universidad,
Fecha de publicación, distribución, etc. 1978.
300 ## - DESCRIPCIÓN FÍSICA
Extensión 172 p. ;
Dimensiones 22 cm.
490 1# - MENCIÓN DE SERIE
Mención de serie Publicaciones del Departamento de Literatura Española, Universidad de Murcia
650 #4 - PUNTO DE ACCESO ADICIONAL DE MATERIA--TÉRMINO DE MATERIA
Término de materia o nombre geográfico como elemento de entrada Teatro español-
Subdivisión cronológica S.XX-
Subdivisión general Historia y crítica.
9 (RLIN) 17361
830 0# - PUNTO DE ACCESO ADICIONAL DE SERIE-TÍTULO UNIFORME
Título uniforme Publicaciones del Departamento de Literatura Española, Universidad de Murcia
9 (RLIN) 233057
852 ## - LOCALIZACIÓN
Ubicación ES-MaACL
Número de control de estantería A-9069
Sublocalización o colección R.98178
Holdings
Estatus retirado Estado de pérdida Estado de daño No para préstamo Biblioteca de origen Biblioteca actual Ubicación en estantería Fecha de adquisición Fuente de adquisición Total de préstamos Signatura topográfica completa Código de barras Visto por última vez Precio de reemplazo Tipo de ítem Koha
        Biblioteca del Ateneo de Madrid Biblioteca del Ateneo de Madrid Depósito 1 17/01/2008     A-9069 1116083 23/02/2023 23/02/2023 Libro impreso